000 00644nam a2200253Ia 4500
003 OSt
005 20221006141924.0
006 a|||||r|||| 00| 0
007 ta
008 221006b |||||||| |||| 00| 0 eng d
020 _c802.57
024 _a4,656
037 _cTextual
040 _aEASL
_cEASL
_beng
041 _2eng
_aeng
082 _aW691.41.N92, N5
100 _aSUN Yan
_9646545
245 0 _aChinese reassessment of socialism, 1976-92
260 _aPrinceton
_bNill
_c1995
300 _a352p.
_ccm.
490 _v CEL
942 _hW691.41.N92, N5
_cTEXL
_2CC
999 _c1072742
_d1072742